كيف تكسب الأصدقاء وتؤثر في الناس / (Record no. 139584)

MARC details
000 -الفاتح
عناصر البيانات ثابتة الطول 00741cam a2200205 i 4500
005 - تاريخ ووقت آخر معاملة
حقل ضبط 20251111124054.0
008 - عناصر البيانات ثابتة الطول
عناصر البيانات ثابتة الطول 250721s2010 ua gr 000 0 ara d
082 14 - رقم تصنيف ديوي العشري
رقم التصنيف 158.25
رقم المادة ك ا ر
100 1# - مدخل رئيسي – اسم شخصي
الاسم الشخصي كارنيجي، ديل
علاقة الشخص بالعمل/ دوره مؤلف.
245 10 - بيان العنوان
العنوان كيف تكسب الأصدقاء وتؤثر في الناس /
بيان المسؤولية ديل كارينجي ؛ تعريب هشام خضر.
250 ## - بيان الطبعة
بيان الطبعة الطبعة الأولى.
264 31 - بيانات النشر، التوزيع…إلخ
مكان النشر، التوزيع...إلخ فيصل :
اسم الناشر، الموزع...إلخ مكتبة النافذة،
تاريخ النشر، التوزيع...إلخ 2010.
300 ## - الوصف المادي
عدد الوحدات المكونة للوعاء 187 صفحة.
650 17 - مدخل إضافي بالموضوع - مصطلح موضوعي
مصطلح موضوعي أو اسم جغرافي كعنصر مدخل علم النفس التطبيقي.
650 17 - مدخل إضافي بالموضوع - مصطلح موضوعي
مصطلح موضوعي أو اسم جغرافي كعنصر مدخل العلاقات بين الافراد.
650 17 - مدخل إضافي بالموضوع - مصطلح موضوعي
مصطلح موضوعي أو اسم جغرافي كعنصر مدخل الصداقة.
700 1# - مدخل إضافي - اسم شخصي
الاسم الشخصي خضر، هشام
علاقة الشخص بالعمل/ دوره معرب.
942 ## - بيانات إضافية (كوها)
نوع التنصيف Dewey Decimal Classification
نوع المادة (كوها) Books
Holdings
حالة السحب حالة الفقدان مصدر التصنيف حالة التلف غير قابل للإعارة المكتبة الرئيسية المكتبة الحالية موقع الرف تاريخ التزويد الرقم المتسلسل Total Checkouts رقم الإستدعاء الباركود تاريخ آخر ظهور تاريخ الفاتورة نوع المادة (كوها)
    Dewey Decimal Classification     المكتبة المركزية المكتبة المركزية الإعارة 28/07/2025 1700325   158.25 / ك ا ر PLD00443949 28/07/2025 28/07/2025 Books
    Dewey Decimal Classification     مكتبة أبو علندا العامة مكتبة أبو علندا العامة الإعارة 11/02/2019 1700326   158.25/ كار PLD00444431 28/07/2025 11/02/2019 Books
Implemented & Customized by: BBB with SCIT (Smart Chains for Information Technology)

Powered by Koha